000 00266nam a22001097a 4500
008 160520b xxu||||| |||| 00| 0 eng d
020 _a9780323053594
041 _aeng
080 _a316.77
245 _aThe media of mass communication:
_cJohn Vivian;
942 _2udc
_cBK
999 _c2278
_d2278